|
|
|
|
| LEADER |
00000naa2a2200000 4500 |
| 001 |
206301 |
| 005 |
20231031190714.0 |
| 035 |
|
|
|a (RuTPU)RU\TPU\book\224876
|
| 035 |
|
|
|a RU\TPU\book\224875
|
| 090 |
|
|
|a 206301
|
| 100 |
|
|
|a 20111230d1966 k y0rusy50 ca
|
| 101 |
0 |
|
|a rus
|
| 102 |
|
|
|a RU
|
| 200 |
1 |
|
|a Определение скоростей и давлений воздуха во всасывающем факеле сопла
|f М. П. Аршавский
|
| 320 |
|
|
|a Библиогр.: с. 38 (10 назв.)
|
| 461 |
|
0 |
|0 (RuTPU)RU\TPU\book\224773
|t Труды Всесоюзного научно-исследовательского института торфяной промышленности
|f Всесоюзный научно-исследовательский институт торфяной промышленности
|d 1956-1967
|
| 463 |
|
0 |
|0 (RuTPU)RU\TPU\book\224873
|t Вып. 25
|v С. 28-38
|d 1966
|p 186 с.
|
| 700 |
|
1 |
|a Аршавский
|b М. П.
|
| 801 |
|
1 |
|a RU
|b 63413507
|c 20111230
|
| 801 |
|
2 |
|a RU
|b 63413507
|c 20111230
|g RCR
|
| 942 |
|
|
|c BK
|